| 000 | 00475nam a22001577a 4500 | ||
|---|---|---|---|
| 003 | OSt | ||
| 005 | 20260624062205.0 | ||
| 008 | 260624b |||||||| |||| 00| 0 eng d | ||
| 024 | _aMKIS/6001/2021 | ||
| 040 | _cRongo University | ||
| 050 |
_aPL 8704 _b.O54 |
||
| 100 | _aOng'udi Mary Auma | ||
| 245 | _aMotifu ya utoro wa wahusika kama mtindo wa kuibua maudhui: Mifano kutoka riwaya teule za Kiswahili | ||
| 260 |
_aRongo, Kenya _bRongo University _c2025 |
||
| 942 |
_2lcc _cTH |
||
| 999 |
_c266456 _d266455 |
||